000 00580nam a22002297a 4500
001 61976
003 UA-OsUOA
005 20220511160300.0
007 ta
008 20070404b un ||||| |||| 00| 0 ukr d
040 _aUA-OsUOA
_bukr
_cUA-OsUOA
_dUA-OsUOA
041 _aukr
080 _a82-3
090 _a82-3
_bГ94
100 _aГулак М.
245 _aТвори
_cупоряд. М. Кратко
260 _aЛуцьк
_c2007
300 _a332 с.
650 7 _a82 Література. Літературознавство
_2UDC
942 _cBK
_2udc
955 _a1
999 _c347951
_d347951